Statistiques concernant Pays d'Indochine

Cliquez ici pour prendre le quiz!

Statistiques générales

  • Ce quiz a été pris 759 fois
  • Le résultat moyen est 5 sur 6

Statistiques - réponses

Pays% Correct
Viêt Nam
98%
Laos
95%
Cambodge
94%
Thaïlande
94%
Birmanie
87%
Malaisie
79%

Distribution des résultats

Percentile par nombre de réponses

% des personnes avec chaque résultat

Votre développement - résultats

Vous n’avez pas pris ce quiz